[Event "Trieste op 24th"]
[Site "Trieste"]
[Date "2022.09.05"]
[Round "4"]
[White "Bardone, Lorenzo"]
[Black "Hjelmaas, Lars"]
[Result "1-0"]
[WhiteElo "2147"]
[BlackElo "2254"]
[PlyCount "58"]
[EventDate "2022.09.03"]
[EventType "swiss"]
[EventRounds "9"]
[EventCountry "ITA"]
[SourceTitle "CBM 210 Extra"]
[Source "ChessBase"]
[SourceDate "2022.11.30"]
[SourceVersion "1"]
[SourceVersionDate "2022.11.30"]
[SourceQuality "1"]

1. d4 d5 2. c4 e6 3. Nf3 c5 4. cxd5 exd5 5. g3 Nc6 6. Bg2 Nf6 7. 0-0 Be7 8. dxc5 Bxc5 9. a3 a5 10. Nc3 0-0 11. Bf4 d4 12. Na4 Ba7 13. Rc1 Nd5 14. Qd2 Nxf4 15. Qxf4 Qe7 16. Ng5 Ne5 17. Ne4 d3 18. exd3 Nxd3 19. Qc7 Qxc7 20. Rxc7 Bf5 21. Rxb7 Rfd8 22. Nac3 Bd4 23. Rd1 Bxe4 24. Nxe4 Nxb2 25. Rxd4 Rxd4 26. Rxb2 Rd1+ 27. Bf1 Ra1 28. Rb3 h6 29. Kg2 Re8 1-0

[Event "NOR-chT Club"]
[Site "Drammen"]
[Date "2019.06.01"]
[Round "3.3"]
[White "Haldorsen, Benjamin"]
[Black "Hjelmaas, Lars"]
[Result "1-0"]
[WhiteElo "2437"]
[BlackElo "2251"]
[PlyCount "59"]
[EventDate "2019.05.30"]
[EventType "team-swiss"]
[EventRounds "6"]
[EventCountry "NOR"]
[SourceTitle "CBM 190 Extra"]
[Source "ChessBase"]
[SourceDate "2019.07.15"]
[SourceVersion "1"]
[SourceVersionDate "2019.07.15"]
[SourceQuality "1"]
[WhiteTeam "Bergens"]
[BlackTeam "Drammen Tigers"]
[WhiteTeamCountry "NOR"]
[BlackTeamCountry "NOR"]

1. c4 f5 2. g3 g6 3. Bg2 Bg7 4. Nc3 Nf6 5. d3 d6 6. e4 c6 7. Nge2 0-0 8. 0-0 Na6 9. h3 fxe4 10. dxe4 Be6 11. b3 Nc5 12. Nd4 Bf7 13. Be3 e5 14. Nde2 Ne6 15. f4 exf4 16. gxf4 Qe7 17. Qd2 Nc5 18. Ng3 Rad8 19. Rad1 Rfe8 20. Qc2 d5 21. cxd5 Nfxe4 22. Ncxe4 Nxe4 23. Nxe4 cxd5 24. Bc5 Qc7 25. Ng5 b6 26. Nxf7 Kxf7 27. Bxd5+ Rxd5 28. Rxd5 bxc5 29. Qc4 Kf8 30. Rxc5 1-0

[Event "NOR-chT Club"]
[Site "Drammen"]
[Date "2019.05.31"]
[Round "2.5"]
[White "Hjelmaas, Lars"]
[Black "Gonzalez, Francisco Silva"]
[Result "1-0"]
[WhiteElo "2251"]
[BlackElo "2125"]
[PlyCount "108"]
[EventDate "2019.05.30"]
[EventType "team-swiss"]
[EventRounds "6"]
[EventCountry "NOR"]
[SourceTitle "CBM 190 Extra"]
[Source "ChessBase"]
[SourceDate "2019.07.15"]
[SourceVersion "1"]
[SourceVersionDate "2019.07.15"]
[SourceQuality "1"]
[WhiteTeam "Drammen Tigers"]
[BlackTeam "Moss"]
[WhiteTeamCountry "NOR"]
[BlackTeamCountry "NOR"]

1. d4 Nf6 2. c4 e6 3. g3 d5 4. Bg2 dxc4 5. Nf3 Nc6 6. Qa4 Bb4+ 7. Bd2 Nd5 8. Bxb4 Ndxb4 9. 0-0 Rb8 10. Nc3 a6 11. Ne5 0-0 12. Nxc6 Nxc6 13. Bxc6 bxc6 14. Qxc4 Qd6 15. b3 Rb4 16. Ne4 Qxd4 17. Qxd4 Rxd4 18. f3 f5 19. Nc5 e5 20. Rfd1 Rd5 21. Rdc1 a5 22. Rc4 Rfd8 23. Kf2 Rd4 24. Rac1 R8d5 25. Rxd4 exd4 26. f4 Kf7 27. Nd3 Bd7 28. Ne5+ Ke7 29. Ke1 c5 30. a4 g5 31. h4 gxh4 32. gxh4 Be8 33. Kd2 Kd8 34. Nc4 Bf7 35. Nxa5 Kd7 36. Nc4 Kc8 37. Ne5 Be6 38. Nd3 c4 39. Rxc4 Rd6 40. Rb4 Bd5 41. Rxd4 Bxb3 42. Rxd6 cxd6 43. a5 Kd7 44. Nb4 Bc4 45. e3 Bf1 46. Kc3 Bg2 47. Kc4 Kc7 48. Nd5+ Kb7 49. Nf6 h6 50. Ng8 h5 51. Nf6 Bf3 52. Ne8 Kc6 53. Ng7 Bg4 54. Kd4 Kd7 1-0

[Event "NOR-chT Club"]
[Site "Drammen"]
[Date "2019.05.30"]
[Round "6"]
[White "Sorensen, Simen"]
[Black "Hjelmaas, Lars"]
[Result "1/2-1/2"]
[WhiteElo "1980"]
[BlackElo "2251"]
[PlyCount "37"]
[EventDate "2019.05.30"]
[EventType "team-swiss"]
[EventRounds "6"]
[EventCountry "NOR"]
[SourceTitle "CBM 190 Extra"]
[Source "ChessBase"]
[SourceDate "2019.07.15"]
[SourceVersion "1"]
[SourceVersionDate "2019.07.15"]
[SourceQuality "1"]
[WhiteTeam "Sevland"]
[BlackTeam "Drammen Tigers"]
[WhiteTeamCountry "NOR"]
[BlackTeamCountry "NOR"]

1. d4 e6 2. c4 b6 3. Nf3 Bb7 4. g3 Bb4+ 5. Bd2 Bxf3 6. exf3 Bxd2+ 7. Nxd2 c6 8. Bg2 d5 9. 0-0 Ne7 10. cxd5 cxd5 11. f4 0-0 12. Nf3 Nd7 13. Rc1 Nf6 14. Ne5 Qd6 15. Qa4 a6 16. Rc2 b5 17. Qb3 Rfc8 18. Rfc1 Rxc2 19. Rxc2 1/2-1/2

[Event "Riga Tech op 8th"]
[Site "Riga"]
[Date "2018.08.09"]
[Round "5"]
[White "Hjelmaas, Lars"]
[Black "Samolins, Vitalijs"]
[Result "0-1"]
[WhiteElo "2271"]
[BlackElo "2419"]
[PlyCount "86"]
[EventDate "2018.08.06"]
[EventType "swiss"]
[EventRounds "9"]
[EventCountry "LAT"]
[SourceTitle "CBM 185 Extra"]
[Source "ChessBase"]
[SourceDate "2018.07.29"]
[SourceVersion "1"]
[SourceVersionDate "2018.07.29"]
[SourceQuality "1"]

1. d4 Nf6 2. c4 e6 3. g3 d5 4. Nf3 Be7 5. Bg2 0-0 6. 0-0 dxc4 7. Na3 b6 8. Ne5 Nd5 9. Naxc4 Bb7 10. e4 Nf6 11. Qe2 Nbd7 12. Rd1 Nxe5 13. dxe5 Nd7 14. Be3 Qc8 15. Rac1 Ba6 16. Qc2 Rd8 17. f4 Qb7 18. a3 Nf8 19. Nd6 Bxd6 20. exd6 cxd6 21. b4 Rac8 22. Qb3 Be2 23. Re1 Qa6 24. a4 Bc4 25. Qc2 d5 26. b5 Qb7 27. Qb2 dxe4 28. Bd4 f5 29. h4 h5 30. Re3 Qd7 31. Be5 Bd3 32. Rd1 Ng6 33. Bf3 Nxe5 34. Qxe5 Rc5 35. Qb2 Rc2 36. Qe5 Qd4 37. Qxd4 Rxd4 38. Bxh5 Rxa4 39. g4 Rac4 40. gxf5 exf5 41. Bg6 Rc1 42. Ree1 Rxd1 43. Rxd1 Rb4 0-1

[Event "Riga Tech op 8th"]
[Site "Riga"]
[Date "2018.08.08"]
[Round "4"]
[White "Haria, Ravi"]
[Black "Hjelmaas, Lars"]
[Result "1/2-1/2"]
[WhiteElo "2449"]
[BlackElo "2271"]
[PlyCount "120"]
[EventDate "2018.08.06"]
[EventType "swiss"]
[EventRounds "9"]
[EventCountry "LAT"]
[SourceTitle "CBM 185 Extra"]
[Source "ChessBase"]
[SourceDate "2018.07.29"]
[SourceVersion "1"]
[SourceVersionDate "2018.07.29"]
[SourceQuality "1"]

1. e4 e6 2. d4 d5 3. Bd3 c5 4. exd5 exd5 5. Nf3 Nc6 6. 0-0 Bd6 7. dxc5 Bxc5 8. Nbd2 Nge7 9. Nb3 Bb6 10. Re1 0-0 11. c3 h6 12. h3 Nf5 13. Bxf5 Bxf5 14. Be3 Be4 15. Bxb6 Qxb6 16. Nfd4 Rfe8 17. Nxc6 Qxc6 18. Nd4 Qg6 19. Qg4 Qb6 20. Qe2 Kf8 21. Qb5 Qxb5 22. Nxb5 Bd3 23. Nd4 g6 24. f3 Rxe1+ 25. Rxe1 Re8 26. Rd1 Ba6 27. Kf2 Ke7 28. Nc2 Kd6 29. Ne3 Kc6 30. Rd2 Re5 31. f4 Re4 32. g3 Bb5 33. b3 a5 34. Nxd5 b6 35. Ne3 Kc7 36. Nd5+ Kb7 37. Nf6 Re6 38. Ng4 h5 39. Ne5 Be8 40. Nc4 Kc7 41. Re2 Bd7 42. h4 a4 43. Rxe6 Bxe6 44. Nd2 Kd6 45. Ke3 Kd5 46. b4 b5 47. Nb1 Kc6 48. c4 Bxc4 49. a3 Kd6 50. Nc3 Bf1 51. f5 Ke5 52. fxg6 fxg6 53. Ne4 Bc4 54. Nf2 Be6 55. Nd3+ Kf5 56. Nf4 Bf7 57. Ne2 Kg4 58. Kf2 Be8 59. Nd4 Bd7 60. Nc2 Kf5 1/2-1/2

[Event "Vojvodina op 8th"]
[Site "Novi Sad"]
[Date "2017.07.22"]
[Round "8"]
[White "Hasman, Cengiz"]
[Black "Hjelmaas, Lars"]
[Result "1/2-1/2"]
[WhiteElo "2092"]
[BlackElo "2261"]
[PlyCount "50"]
[EventDate "2017.07.16"]
[EventType "swiss"]
[EventRounds "9"]
[EventCountry "SRB"]
[SourceTitle "EXT 2018"]
[Source "ChessBase"]
[SourceDate "2017.10.13"]
[SourceVersion "1"]
[SourceVersionDate "2017.10.13"]
[SourceQuality "1"]

1. d4 f5 2. g3 g6 3. Bg2 Bg7 4. Nf3 Nh6 5. 0-0 0-0 6. b3 d6 7. Bb2 Nf7 8. Nbd2 e5 9. dxe5 dxe5 10. Nc4 Nc6 11. Ne1 e4 12. Bxg7 Kxg7 13. f3 Qe7 14. fxe4 fxe4 15. Qd5 Bf5 16. Ne3 Nh6 17. Nxf5+ gxf5 18. Bh3 Rad8 19. Qc4 Qe5 20. Ng2 Nd4 21. c3 Nc2 22. Rad1 Na3 23. Qb4 Nc2 24. Qc4 Na3 25. Qb4 Nc2 1/2-1/2

[Event "Vojvodina op 8th"]
[Site "Novi Sad"]
[Date "2017.07.20"]
[Round "5"]
[White "Hjelmaas, Lars"]
[Black "Pantelic, Sasa"]
[Result "1-0"]
[WhiteElo "2261"]
[BlackElo "2358"]
[PlyCount "73"]
[EventDate "2017.07.16"]
[EventType "swiss"]
[EventRounds "9"]
[EventCountry "SRB"]
[SourceTitle "EXT 2018"]
[Source "ChessBase"]
[SourceDate "2017.10.13"]
[SourceVersion "1"]
[SourceVersionDate "2017.10.13"]
[SourceQuality "1"]

1. d4 Nf6 2. c4 g6 3. Nc3 Bg7 4. e4 d6 5. f4 c5 6. d5 0-0 7. Nf3 e6 8. Be2 exd5 9. cxd5 Re8 10. e5 dxe5 11. fxe5 Ng4 12. e6 fxe6 13. d6 Nc6 14. 0-0 Nd4 15. Ng5 Ne5 16. Nge4 Nf7 17. Nb5 Rf8 18. Be3 Nxe2+ 19. Qxe2 b6 20. Rad1 Qd7 21. Nc7 Rb8 22. Nf6+ Bxf6 23. Rxf6 Bb7 24. Rxe6 Rbd8 25. Bf4 Qc6 26. Nd5 Qxd5 27. Rxd5 Bxd5 28. Rf6 Bc6 29. Bd2 Bd7 30. Bc3 Bf5 31. g4 Rde8 32. Qf3 Bd7 33. h4 Be6 34. Rxg6+ hxg6 35. Qf6 Ne5 36. Qxe5 Rf1+ 37. Kg2 1-0

[Event "SRB Central-ch op-A 8th"]
[Site "Paracin"]
[Date "2015.07.09"]
[Round "8"]
[White "Hjelmaas, Lars"]
[Black "Dogan, Nazmi Can"]
[Result "0-1"]
[WhiteElo "2291"]
[BlackElo "2182"]
[PlyCount "50"]
[EventDate "2015.07.03"]
[EventType "swiss"]
[EventRounds "9"]
[EventCountry "SRB"]
[SourceTitle "CBM 167 Extra"]
[Source "ChessBase"]
[SourceDate "2015.09.14"]
[SourceVersion "1"]
[SourceVersionDate "2015.09.14"]
[SourceQuality "1"]

1. d4 Nf6 2. c4 g6 3. Nc3 Bg7 4. e4 d6 5. f4 c5 6. d5 0-0 7. Nf3 e6 8. Be2 exd5 9. cxd5 Nbd7 10. 0-0 Re8 11. Nd2 c4 12. Bxc4 Nc5 13. e5 dxe5 14. fxe5 Rxe5 15. Nf3 Re8 16. d6 Be6 17. Bb5 Rf8 18. Ng5 Bg4 19. Qd4 Ne6 20. Qd3 Bf5 21. Rxf5 gxf5 22. Qxf5 Qxd6 23. Be3 Nxg5 24. Bxg5 Rac8 25. Bd3 Rc5 0-1

[Event "SRB Central-ch op-A 8th"]
[Site "Paracin"]
[Date "2015.07.08"]
[Round "7"]
[White "Popovic, Djordje D"]
[Black "Hjelmaas, Lars"]
[Result "1-0"]
[WhiteElo "2219"]
[BlackElo "2291"]
[PlyCount "59"]
[EventDate "2015.07.03"]
[EventType "swiss"]
[EventRounds "9"]
[EventCountry "SRB"]
[SourceTitle "CBM 167 Extra"]
[Source "ChessBase"]
[SourceDate "2015.09.14"]
[SourceVersion "1"]
[SourceVersionDate "2015.09.14"]
[SourceQuality "1"]

1. d4 d5 2. c4 e5 3. dxe5 d4 4. Nf3 Nc6 5. g3 Nge7 6. Bg2 Ng6 7. Qa4 Bc5 8. 0-0 0-0 9. Qb5 Bb6 10. Bg5 Qe8 11. c5 a6 12. Qc4 Be6 13. Qc1 Ba7 14. Rd1 h6 15. Bxh6 gxh6 16. Qxh6 Qe7 17. Ng5 Rfd8 18. Bxc6 bxc6 19. Ne4 Bxc5 20. Nf6+ Qxf6 21. exf6 Bf8 22. Qc1 c5 23. Na3 Rd5 24. e4 Rh5 25. f4 Bg4 26. Nc4 Bh6 27. Rf1 Be2 28. Rf2 d3 29. Rxe2 dxe2 30. Qe3 1-0

[Event "SRB Central-ch op-A 8th"]
[Site "Paracin"]
[Date "2015.07.06"]
[Round "4"]
[White "Hjelmaas, Lars"]
[Black "Akman, Ozgur"]
[Result "0-1"]
[WhiteElo "2291"]
[BlackElo "1964"]
[PlyCount "56"]
[EventDate "2015.07.03"]
[EventType "swiss"]
[EventRounds "9"]
[EventCountry "SRB"]
[SourceTitle "CBM 167 Extra"]
[Source "ChessBase"]
[SourceDate "2015.09.14"]
[SourceVersion "1"]
[SourceVersionDate "2015.09.14"]
[SourceQuality "1"]

1. d4 Nf6 2. c4 e6 3. g3 d5 4. Nf3 dxc4 5. Bg2 Bd7 6. Ne5 Bc6 7. Nxc6 Nxc6 8. Qa4 Qd7 9. Qxc4 Nxd4 10. Bxb7 Rb8 11. Bg2 Bb4+ 12. Nd2 0-0 13. e3 Nf5 14. Bc6 Qd8 15. a3 Bxd2+ 16. Bxd2 Rxb2 17. Bb4 Nd5 18. 0-0-0 Rxf2 19. Qc5 Nd6 20. Bxd5 exd5 21. Rxd5 Qf6 22. Qc3 Rf1+ 23. Rxf1 Qxf1+ 24. Rd1 Qf5 25. Kb2 h6 26. Qxc7 Nb5 27. Qd8 Rxd8 28. Rxd8+ Kh7 0-1

[Event "SRB Central-ch op-A 8th"]
[Site "Paracin"]
[Date "2015.07.04"]
[Round "2"]
[White "Hjelmaas, Lars"]
[Black "Henriksen, Geir Ivar"]
[Result "1-0"]
[WhiteElo "2291"]
[BlackElo "2192"]
[PlyCount "37"]
[EventDate "2015.07.03"]
[EventType "swiss"]
[EventRounds "9"]
[EventCountry "SRB"]
[SourceTitle "CBM 167 Extra"]
[Source "ChessBase"]
[SourceDate "2015.09.14"]
[SourceVersion "1"]
[SourceVersionDate "2015.09.14"]
[SourceQuality "1"]

1. f4 Nf6 2. Nf3 g6 3. g3 Bg7 4. Bg2 0-0 5. 0-0 d6 6. Nc3 c5 7. e4 Nc6 8. d3 Nd4 9. h3 Bd7 10. g4 Bc6 11. Nxd4 cxd4 12. Ne2 Nd7 13. f5 Rc8 14. Bg5 Nb6 15. f6 exf6 16. Bh4 d5 17. e5 Nd7 18. exf6 Bxf6 19. Rxf6 1-0

[Event "Oslo op-A"]
[Site "Oslo"]
[Date "2014.10.01"]
[Round "5"]
[White "Haug, Johannes"]
[Black "Hjelmaas, Lars"]
[Result "0-1"]
[WhiteElo "2194"]
[BlackElo "2302"]
[PlyCount "142"]
[EventDate "2014.09.28"]
[EventType "swiss"]
[EventRounds "9"]
[EventCountry "NOR"]
[SourceTitle "CBM 162 Extra"]
[Source "ChessBase"]
[SourceDate "2014.10.17"]
[SourceVersion "1"]
[SourceVersionDate "2014.10.17"]
[SourceQuality "1"]

1. e4 e6 2. d4 d5 3. Nc3 Bb4 4. e5 c5 5. Bd2 Bxc3 6. Bxc3 b6 7. Qg4 Kf8 8. Nf3 Ne7 9. Bd3 Ba6 10. 0-0 Bxd3 11. cxd3 Nbc6 12. Rac1 c4 13. dxc4 dxc4 14. d5 Nxd5 15. Qxc4 Rc8 16. Rfd1 h6 17. Bd2 g6 18. Qa4 Qe8 19. Qg4 Kg7 20. h4 h5 21. Qe4 Nce7 22. Bg5 Rf8 23. Rxc8 Qxc8 24. a3 Qc5 25. Rc1 Qb5 26. Qc2 Rc8 27. Qd2 Rc4 28. Rxc4 Qxc4 29. Bf6+ Kf8 30. g3 Nf5 31. Bg5 a5 32. Qc1 Qe4 33. Kg2 Nd4 34. Qd1 Nxf3 35. Qxf3 Qxe5 36. Bh6+ Kg8 37. Qb3 Kh7 38. Bg5 f6 39. Bd2 g5 40. hxg5 fxg5 41. Qf3 Kg6 42. Qf8 Nf6 43. Bc3 Qe4+ 44. Kg1 e5 45. Qd6 Kf5 46. Qxb6 h4 47. Qe3 Qxe3 48. fxe3 a4 49. gxh4 gxh4 50. Kg2 Nd5 51. Kh3 Ke4 52. Ba5 Nxe3 53. Kxh4 Nd1 54. Kg3 Nxb2 55. Kf2 Kd3 56. Ke1 e4 57. Bd8 Nc4 58. Be7 Ne3 59. Bc5 Nc2+ 60. Kd1 e3 61. Kc1 e2 62. Bf2 e1Q+ 63. Bxe1 Nxe1 64. Kb2 Kc4 65. Ka2 Kc3 66. Ka1 Kb3 67. Kb1 Kxa3 68. Ka1 Kb3 69. Kb1 a3 70. Ka1 Nc2+ 71. Kb1 a2+ 0-1

[Event "Oslo op-A"]
[Site "Oslo"]
[Date "2014.09.30"]
[Round "4"]
[White "Hjelmaas, Lars"]
[Black "Solodovnichenko, Yuri"]
[Result "0-1"]
[WhiteElo "2302"]
[BlackElo "2566"]
[PlyCount "72"]
[EventDate "2014.09.28"]
[EventType "swiss"]
[EventRounds "9"]
[EventCountry "NOR"]
[SourceTitle "CBM 162 Extra"]
[Source "ChessBase"]
[SourceDate "2014.10.17"]
[SourceVersion "1"]
[SourceVersionDate "2014.10.17"]
[SourceQuality "1"]

1. d4 g6 2. c4 Bg7 3. Nc3 c5 4. d5 f5 5. h4 Nf6 6. h5 Nxh5 7. e4 Nf6 8. exf5 gxf5 9. Bd3 d6 10. Qc2 e6 11. Nge2 Qe7 12. Bg5 Na6 13. a3 Nc7 14. 0-0-0 Qf7 15. dxe6 Bxe6 16. Nf4 Ng4 17. Ncd5 Bxd5 18. Bxf5 Nxf2 19. Nxd5 Nxh1 20. Qe4+ Be5 21. Nf6+ Kf8 22. Nd7+ Kg8 23. Nxe5 dxe5 24. Rxh1 Rf8 25. g4 h5 26. Qxe5 Re8 27. Qxc5 Ne6 28. Qe3 hxg4 29. Rf1 Rh3 30. Qd2 Rf3 31. Rxf3 gxf3 32. Bh3 Nc5 33. Qd5 Qxd5 34. cxd5 f2 35. b4 Re1+ 36. Kd2 Ne4+ 0-1

[Event "Drammen CC-ch"]
[Site "Drammen"]
[Date "2013.02.26"]
[Round "2"]
[White "Hjelmaas, Lars"]
[Black "Thjomoe, Hans Richard"]
[Result "1-0"]
[WhiteElo "2242"]
[BlackElo "1757"]
[PlyCount "75"]
[EventDate "2013.01.15"]
[EventType "swiss"]
[EventRounds "9"]
[EventCountry "NOR"]
[SourceTitle "EXT 2024"]
[Source "ChessBase"]
[SourceDate "2023.10.10"]
[SourceVersion "1"]
[SourceVersionDate "2023.10.10"]
[SourceQuality "1"]

1. d4 Nf6 2. c4 g6 3. Nc3 Bg7 4. e4 d6 5. Be2 0-0 6. Nf3 e5 7. 0-0 Nc6 8. d5 Ne7 9. Ne1 Nd7 10. Nd3 f5 11. Bd2 Nf6 12. f3 f4 13. b4 g5 14. Nf2 h5 15. h3 Ng6 16. c5 Rf7 17. a4 Bf8 18. c6 g4 19. cxb7 Bxb7 20. fxg4 hxg4 21. Bxg4 Bc8 22. Be6 Bxe6 23. dxe6 Rg7 24. Nd5 Nh4 25. g4 Nh5 26. Qb3 Kh8 27. b5 Ng3 28. Rfe1 Rh7 29. Rac1 Rc8 30. Bxf4 exf4 31. Nxf4 Qf6 32. Qxg3 Bh6 33. N2d3 Rf8 34. Qxh4 Bg5 35. Qf2 Bh4 36. Ng6+ Kg8 37. Qxf6 Rxf6 38. e7 1-0

[Event "NOR-chT Clubs"]
[Site "Drammen"]
[Date "2010.10.10"]
[Round "5"]
[White "Hjelmaas, Lars"]
[Black "Omtvedt, Per"]
[Result "1-0"]
[WhiteElo "2248"]
[BlackElo "1877"]
[PlyCount "37"]
[EventDate "2010.10.08"]
[EventType "team"]
[EventRounds "6"]
[EventCountry "NOR"]
[SourceTitle "EXT 2015"]
[Source "ChessBase"]
[SourceDate "2014.11.20"]
[SourceVersion "1"]
[SourceVersionDate "2014.11.20"]
[SourceQuality "1"]
[WhiteTeam "Drammen Tigers"]
[BlackTeam "Stjernen"]
[WhiteTeamCountry "NOR"]
[BlackTeamCountry "NOR"]

1. d4 Nf6 2. c4 e6 3. Nc3 d5 4. Nf3 c6 5. g3 Nbd7 6. Bg2 b6 7. 0-0 Bb7 8. Qd3 Be7 9. Rd1 0-0 10. e4 dxe4 11. Nxe4 c5 12. d5 exd5 13. cxd5 Bxd5 14. Nfg5 Bxe4 15. Nxe4 Rc8 16. Bh3 Ne5 17. Qe2 Qc7 18. Bf4 Rcd8 19. Nc3 1-0

[Event "NOR-chT Clubs"]
[Site "Drammen"]
[Date "2010.10.09"]
[Round "2.21"]
[White "Sahl, Bjarke"]
[Black "Hjelmaas, Lars"]
[Result "1-0"]
[WhiteElo "2345"]
[BlackElo "2248"]
[PlyCount "77"]
[EventDate "2010.10.08"]
[EventType "team"]
[EventRounds "6"]
[EventCountry "NOR"]
[SourceTitle "EXT 2015"]
[Source "ChessBase"]
[SourceDate "2014.11.20"]
[SourceVersion "1"]
[SourceVersionDate "2014.11.20"]
[SourceQuality "1"]
[WhiteTeam "Asker"]
[BlackTeam "Drammen Tigers"]
[WhiteTeamCountry "NOR"]
[BlackTeamCountry "NOR"]

1. d4 Nf6 2. c4 g6 3. Nc3 d5 4. Nf3 Bg7 5. cxd5 Nxd5 6. Bd2 0-0 7. e3 Nb6 8. Be2 Be6 9. b3 a5 10. a4 Nc6 11. Ne4 Bc8 12. Bc3 Nd5 13. Bb2 b6 14. 0-0 Bb7 15. Ned2 Ndb4 16. Nc4 Qd5 17. Qb1 Rad8 18. e4 Qd7 19. d5 Nb8 20. Bxg7 Kxg7 21. Qb2+ Kg8 22. Nfe5 Qe8 23. Rac1 Ba6 24. f4 f6 25. Ng4 h5 26. Nf2 Nd7 27. Rc3 Nc5 28. Rg3 Kh7 29. Rh3 f5 30. exf5 Rxf5 31. Ne3 Rxf4 32. Bxh5 gxh5 33. Qe5 Rf6 34. Rxh5+ Kg8 35. Nfg4 Bxf1 36. Nxf6+ exf6 37. Qg3+ Kf8 38. Rh8+ Kf7 39. Rh7+ 1-0

[Event "Drammens CC-ch"]
[Site "Drammen"]
[Date "2010.01.26"]
[Round "3"]
[White "Hjelmaas, Lars"]
[Black "Thjomoe, Hans Richard"]
[Result "1-0"]
[WhiteElo "2213"]
[BlackElo "1696"]
[PlyCount "59"]
[EventDate "2010.01.12"]
[EventType "tourn"]
[EventRounds "7"]
[EventCountry "NOR"]
[SourceTitle "EXT 2024"]
[Source "ChessBase"]
[SourceDate "2023.10.10"]
[SourceVersion "1"]
[SourceVersionDate "2023.10.10"]
[SourceQuality "1"]

1. d4 Nf6 2. c4 g6 3. Nc3 Bg7 4. e4 d6 5. f4 0-0 6. Nf3 c5 7. d5 a6 8. a4 Bg4 9. Be2 Bxf3 10. Bxf3 Nbd7 11. g4 Qc7 12. h4 e5 13. f5 Nb6 14. g5 Nxe4 15. Bxe4 Nxc4 16. f6 Bh8 17. Qe2 Na5 18. Ra3 c4 19. h5 Nb3 20. Rxb3 cxb3 21. Qh2 b5 22. hxg6 fxg6 23. Bxg6 Ra7 24. Bf5 Bxf6 25. Be6+ Kh8 26. gxf6 Rxf6 27. Rg1 Ra8 28. Qh4 Rff8 29. Bh6 Qd8 30. Bg7# 1-0

[Event "Drammens CC-ch"]
[Site "Drammen"]
[Date "2010.01.19"]
[Round "2"]
[White "Magnusson, Bengt"]
[Black "Hjelmaas, Lars"]
[Result "0-1"]
[WhiteElo "1847"]
[BlackElo "2213"]
[PlyCount "70"]
[EventDate "2010.01.12"]
[EventType "tourn"]
[EventRounds "7"]
[EventCountry "NOR"]
[SourceTitle "EXT 2024"]
[Source "ChessBase"]
[SourceDate "2023.10.10"]
[SourceVersion "1"]
[SourceVersionDate "2023.10.10"]
[SourceQuality "1"]

1. e4 e6 2. d4 d5 3. Nc3 Bb4 4. Bd3 c5 5. a3 Ba5 6. Be3 c4 7. Be2 Nf6 8. Bg5 Bxc3+ 9. bxc3 Qa5 10. Bxf6 Qxc3+ 11. Kf1 gxf6 12. exd5 exd5 13. Bf3 Nc6 14. Ne2 Qa5 15. c3 Bf5 16. g3 0-0-0 17. Kg2 Be4 18. Qd2 f5 19. Rhe1 Ne7 20. Nf4 h5 21. h4 Ng6 22. Nh3 Qc7 23. Bxe4 fxe4 24. Re3 f5 25. f4 Nf8 26. Ng5 Re8 27. Qb2 Nh7 28. Nxh7 Rxh7 29. Qb5 Rd8 30. a4 Rg7 31. Kf2 a6 32. Qb4 Rdg8 33. Rg1 Rg4 34. Qb1 Rxf4+ 35. Ke2 Rxh4 0-1

[Event "NOR-ch"]
[Site "Bergen"]
[Date "2009.07.12"]
[Round "9"]
[White "Houska, Jovanka"]
[Black "Hjelmaas, Lars"]
[Result "1-0"]
[WhiteElo "2392"]
[BlackElo "2318"]
[PlyCount "85"]
[EventDate "2009.07.04"]
[EventType "swiss"]
[EventRounds "9"]
[EventCountry "NOR"]
[SourceTitle "CBM 131 Extra"]
[Source "ChessBase"]
[SourceDate "2009.09.03"]
[SourceVersion "2"]
[SourceVersionDate "2009.09.16"]
[SourceQuality "1"]

1. d4 e6 2. c4 Nf6 3. Nf3 Ne4 4. g3 f5 5. Bg2 d5 6. 0-0 c6 7. b3 Nd7 8. Qc2 Qf6 9. Nc3 Bd6 10. Bf4 Bb4 11. Nxe4 fxe4 12. Ne5 Qf5 13. Nxd7 Bxd7 14. c5 0-0 15. Bd6 Rf6 16. a3 Ba5 17. Qc1 Re8 18. Be5 Bd8 19. f3 Rh6 20. fxe4 Qh5 21. h3 Bf6 22. g4 Qh4 23. Qf4 Rg6 24. Bxf6 gxf6 25. e5 f5 26. gxf5 Qxf4 27. Rxf4 exf5 28. Kf2 Re7 29. b4 Reg7 30. Bf3 Rg3 31. Bg4 Rc3 32. Bxf5 Bxf5 33. Rxf5 Rxh3 34. Rf3 Rh2+ 35. Ke3 Rg4 36. Kd3 Rhg2 37. Raf1 Re4 38. Re3 h5 39. Rxe4 dxe4+ 40. Ke3 Kg7 41. Rf4 a6 42. e6 Rg6 43. e7 1-0

[Event "NOR-ch"]
[Site "Bergen"]
[Date "2009.07.11"]
[Round "8"]
[White "Hjelmaas, Lars"]
[Black "Hansen, Torbjorn Ringdal"]
[Result "1-0"]
[WhiteElo "2318"]
[BlackElo "2440"]
[PlyCount "61"]
[EventDate "2009.07.04"]
[EventType "swiss"]
[EventRounds "9"]
[EventCountry "NOR"]
[SourceTitle "CBM 131 Extra"]
[Source "ChessBase"]
[SourceDate "2009.09.03"]
[SourceVersion "2"]
[SourceVersionDate "2009.09.16"]
[SourceQuality "1"]

1. d4 Nf6 2. c4 e6 3. Nc3 Bb4 4. e3 b6 5. Bd3 Bb7 6. Nf3 Ne4 7. 0-0 Bxc3 8. bxc3 0-0 9. Ba3 Re8 10. Nd2 Nxd2 11. Qxd2 c5 12. f4 d6 13. e4 Nd7 14. e5 Nf8 15. Rae1 f5 16. exf6 Qxf6 17. Re3 Rac8 18. f5 e5 19. d5 Nd7 20. Be4 Ba6 21. Qe2 Qf7 22. f6 Nxf6 23. Rh3 h6 24. Bc1 Rc7 25. Bxh6 Bc8 26. Bxg7 Qxg7 27. Rg3 Qxg3 28. hxg3 Nxe4 29. Qxe4 Rg7 30. Rf6 Rd8 31. Qh4 1-0